=LDR 00000nam 2200000 4500 =001 INLIS000000000005114 =005 20130612093353 =008 ***********************************Ind** =035 ##$$0010-061300000005114 =041 ##$$a Ind =082 ##$$a 641.1 =090 ##$$a 641.1, Suh p =100 ##$$a SUHARJO =245 ##$$a Perencanaan pangan dan gizi, Suhardjo =260 ##$$a 1996 $b Jakarta =300 ##$$a x, 99 hlm, 23 cm =650 ##$$a Makanan =650 ##$$a Perencanaan =850 ##$$a NBPNMAT =990 ##$$a 0001/BPAP-NTB/20142015 =990 ##$$a 0072/BPAP-NTB/2016